000 00578nam a2200205Ia 4500
003 GCL
008 140319s9999 xx 000 0 eng d
040 _aGCL /
_cGCL
082 0 4 _a621.381
_bH S
100 1 _aHAYES, THOMES C.
245 1 0 _aSTUDENT MANUAL FOR THE ART OF ELECTRONICS /
_cHAYES, THOMES C.
700 1 _aHOROWITZ, PAUL
260 _a[S.N] :
_bCOMBRIDGE UNIVERSITY PRESS ،
_c1995
300 _a614 P
650 0 4 _aالتحليل الرياضى
650 0 4 _aELECTRONICS
650 0 4 _aELECTRONIC CAMERA
650 0 4 _aELECTRIC ENGINEERING
942 _2ddc
_cBK
999 _c19809
_d19809